<?xml version="1.0" encoding="UTF-8"?>
<marc:record xmlns:marc="http://www.loc.gov/MARC21/slim">
   <marc:leader>00000nam a2200000 a 4500</marc:leader>
   <marc:datafield ind1="1" ind2=" " tag="100">
      <marc:subfield code="a">Ford, Richard</marc:subfield>
      <marc:subfield code="4">aut</marc:subfield>
      <marc:subfield code="e">Verfasser/-in</marc:subfield>
   </marc:datafield>
   <marc:datafield ind1="1" ind2=" " tag="100">
      <marc:subfield code="a">Walitzek, Brigitte</marc:subfield>
      <marc:subfield code="4">trl</marc:subfield>
      <marc:subfield code="e">Übersetzer/-in</marc:subfield>
   </marc:datafield>
   <marc:datafield ind1=" " ind2=" " tag="653">
      <marc:subfield code="a">Immobilienmakler</marc:subfield>
   </marc:datafield>
   <marc:datafield ind1=" " ind2=" " tag="653">
      <marc:subfield code="a">Amerika</marc:subfield>
   </marc:datafield>
   <marc:datafield ind1=" " ind2=" " tag="653">
      <marc:subfield code="a">20. Jahrhundert</marc:subfield>
   </marc:datafield>
   <marc:datafield ind1=" " ind2=" " tag="653">
      <marc:subfield code="a">Ehe</marc:subfield>
   </marc:datafield>
   <marc:datafield ind1=" " ind2=" " tag="653">
      <marc:subfield code="a">Familie</marc:subfield>
   </marc:datafield>
   <marc:datafield ind1=" " ind2=" " tag="653">
      <marc:subfield code="a">Fiktionale Darstellung</marc:subfield>
   </marc:datafield>
   <marc:datafield ind1=" " ind2=" " tag="653">
      <marc:subfield code="a">Belletristische Darstellung</marc:subfield>
   </marc:datafield>
   <marc:datafield ind1=" " ind2=" " tag="653">
      <marc:subfield code="a">Erzählende Literatur: Gegenwartsliteratur ab 1945</marc:subfield>
   </marc:datafield>
   <marc:datafield ind1="0" ind2="0" tag="245">
      <marc:subfield code="a">Unabhängigkeitstag</marc:subfield>
   </marc:datafield>
   <marc:datafield ind1="0" ind2="0" tag="245">
      <marc:subfield code="b">Roman</marc:subfield>
   </marc:datafield>
   <marc:datafield ind1="0" ind2="0" tag="245">
      <marc:subfield code="c">Richard Ford. Aus dem Amerikanischen von Brigitte Walitzek</marc:subfield>
   </marc:datafield>
   <marc:datafield ind1=" " ind2="1" tag="264">
      <marc:subfield code="a">München</marc:subfield>
      <marc:subfield code="b">dtv</marc:subfield>
      <marc:subfield code="c">2015</marc:subfield>
   </marc:datafield>
   <marc:datafield ind1="1" ind2=" " tag="490">
      <marc:subfield code="a">dtv</marc:subfield>
      <marc:subfield code="v">14442</marc:subfield>
   </marc:datafield>
   <marc:datafield ind1="1" ind2=" " tag="520">
      <marc:subfield code="a">Angaben aus der Verlagsmeldung

Unabhängigkeitstag : Roman Ford,Unabhängigkeitstag / von Richard Ford

Der vierundvierzigj&amp;auml;hrige Frank Bascombe ist kein Unbekannter: Wir kennen ihn bereits aus dem Roman &amp;rsaquo;Der Sportreporter&amp;lsaquo;, in dem er sympathisch, wortreich und um Orientierung ringend &amp;uuml;ber sein Schicksal r&amp;auml;soniert. Nach dem Tod seines Sohnes scheiterte seine Ehe, die Liebesverh&amp;auml;ltnisse, durch die er schlittert, sind kompliziert, das Verh&amp;auml;ltnis zu seiner Exfrau verfahren, der Kontakt zu seinen &amp;uuml;brigen Kindern sporadisch. Der 4. Juli 1988, das ist der Tag, an dem Frank Bascombe alles richtig machen will: seine Freundin besuchen, sich um seinen Sohn k&amp;uuml;mmern &amp;ndash; aber es kommt alles anders. &amp;rsaquo;Unabh&amp;auml;ngigkeitstag&amp;lsaquo; ist ein gewaltiges literarisches Werk, ein Meilenstein der Gegenwartsprosa, ein Roman, in dem das Leben eines Mannes und das Land Amerika, die gesellschaftspolitische Lage des Landes, ungemein plastisch eingefangen sind.
</marc:subfield>
   </marc:datafield>
   <marc:datafield ind1=" " ind2=" " tag="020">
      <marc:subfield code="a">9783423144421</marc:subfield>
      <marc:subfield code="9">9783423144421</marc:subfield>
   </marc:datafield>
   <marc:datafield ind1=" " ind2=" " tag="020">
      <marc:subfield code="a">3423144424</marc:subfield>
      <marc:subfield code="9">3423144424</marc:subfield>
   </marc:datafield>
   <marc:datafield ind1=" " ind2=" " tag="041">
      <marc:subfield code="a">ger</marc:subfield>
   </marc:datafield>
   <marc:datafield ind1=" " ind2=" " tag="300">
      <marc:subfield code="a">684 Seiten</marc:subfield>
   </marc:datafield>
</marc:record>
